<?xml version="1.0" encoding="UTF-8"?>
<collection xmlns="http://www.loc.gov/MARC21/slim">
 <record>
  <leader>01027pam a22002298a 4500</leader>
  <controlfield tag="001">00019373</controlfield>
  <controlfield tag="005">20171026081022.0</controlfield>
  <controlfield tag="008">110506s1987                  ||||||Viesd</controlfield>
  <datafield tag="041" ind1="0" ind2="#">
   <subfield code="a">Vie</subfield>
  </datafield>
  <datafield tag="082" ind1="1" ind2="4">
   <subfield code="a">895.922 8</subfield>
   <subfield code="b">T309T</subfield>
  </datafield>
  <datafield tag="100" ind1="0" ind2="#">
   <subfield code="a">Đặng Thị Hạnh</subfield>
  </datafield>
  <datafield tag="245" ind1="0" ind2="0">
   <subfield code="a">Tiểu thuyết Huygô</subfield>
   <subfield code="b">Chuyên luận</subfield>
   <subfield code="c">Đặng Thị Hạnh</subfield>
  </datafield>
  <datafield tag="260" ind1="#" ind2="#">
   <subfield code="a">H.</subfield>
   <subfield code="b">Đại học và trung học chuyên nghiệp</subfield>
   <subfield code="c">1987</subfield>
  </datafield>
  <datafield tag="300" ind1="#" ind2="#">
   <subfield code="a">279 tr.</subfield>
   <subfield code="c">19 cm.</subfield>
  </datafield>
  <datafield tag="653" ind1="#" ind2="#">
   <subfield code="a">Chuyên luận</subfield>
  </datafield>
  <datafield tag="653" ind1="#" ind2="#">
   <subfield code="a">Tiểu thuyết</subfield>
  </datafield>
  <datafield tag="653" ind1="#" ind2="#">
   <subfield code="a">Huy Gô</subfield>
  </datafield>
  <datafield tag="852" ind1="#" ind2="#">
   <subfield code="b">Kho mượn</subfield>
   <subfield code="j">KM.0003903, KM.0003902, KM.0003899, KM.0003900, KM.0003901, KM.0003892, KM.0003889, KM.0003890, KM.0003891, KM.0003893, KM.0011155, KM.0011156</subfield>
  </datafield>
  <datafield tag="852" ind1="#" ind2="#">
   <subfield code="j">KD.0004699</subfield>
   <subfield code="j">KM.0003902</subfield>
   <subfield code="j">KM.0003900</subfield>
   <subfield code="j">KM.0003901</subfield>
   <subfield code="j">KM.0003890</subfield>
   <subfield code="j">KM.0003891</subfield>
   <subfield code="j">KM.0003893</subfield>
   <subfield code="j">KM.0011156</subfield>
   <subfield code="j">KM.0011155</subfield>
   <subfield code="j">KM.0003889</subfield>
   <subfield code="j">KM.0003892</subfield>
   <subfield code="j">KM.0003899</subfield>
   <subfield code="j">KM.0003903</subfield>
  </datafield>
  <datafield tag="852" ind1="#" ind2="#">
   <subfield code="b">Kho đọc</subfield>
   <subfield code="j">KD.0004699</subfield>
  </datafield>
  <datafield tag="910" ind1=" " ind2=" ">
   <subfield code="d">06/05/2011</subfield>
  </datafield>
  <datafield tag="980" ind1="#" ind2="#">
   <subfield code="a">Trung tâm Học liệu Lê Vũ Hùng, Trường Đại học Đồng Tháp</subfield>
  </datafield>
 </record>
</collection>
